000 00355nam a2200133Ia 4500
008 220217s9999||||xx |||||||||||||| ||und||
020 _a81-265-0262-2
082 _a004.6 SHA
100 _aSharma, Kumar Rajesh
_92638
245 0 _aCisco security bible
260 _aIDG books india
_bNew Delhi
_c2002
300 _b429
650 _aCOMPUTER NETWORK
999 _c169514
_d169514